[Event "TUR-chT 2nd League"]
[Site "Konya"]
[Date "2022.08.27"]
[Round "8.7"]
[White "Bakan, Furkan"]
[Black "Percin, Baris"]
[Result "0-1"]
[WhiteElo "1639"]
[BlackElo "1935"]
[PlyCount "92"]
[EventDate "2022.08.22"]
[EventType "team-swiss"]
[EventRounds "9"]
[EventCountry "TUR"]
[SourceTitle "CBM 210 Extra"]
[Source "ChessBase"]
[SourceDate "2022.11.30"]
[SourceVersion "1"]
[SourceVersionDate "2022.11.30"]
[SourceQuality "1"]
[WhiteTeam "Duzce AS"]
[BlackTeam "Sakarya Satranc"]
[WhiteTeamCountry "TUR"]
[BlackTeamCountry "TUR"]

1. e4 e5 2. Nf3 Nc6 3. Bc4 Be7 4. c3 Nf6 5. d3 d6 6. b4 h6 7. Qb3 0-0 8. a4 Qe8 9. Nbd2 Nh5 10. Nf1 Kh8 11. Ne3 f5 12. Be6 Bxe6 13. Qxe6 Nf4 14. Qc4 fxe4 15. dxe4 Nxg2+ 16. Nxg2 Rxf3 17. Be3 Qf7 18. Qxf7 Rxf7 19. Ke2 Raf8 20. Raf1 a5 21. b5 Nd8 22. f4 exf4 23. Nxf4 Kh7 24. Nd5 Bf6 25. c4 Ne6 26. Nxf6+ Rxf6 27. b6 Rxf1 28. Rxf1 Rxf1 29. Kxf1 c6 30. Ke2 g5 31. Bd2 Nc5 32. Bxa5 Nxa4 33. Kd3 Nc5+ 34. Ke3 Nd7 35. Kd4 Kg6 36. Be1 Kf6 37. Bg3 Ke6 38. h3 c5+ 39. Kc3 Nxb6 40. Kb3 h5 41. Kc3 Nd7 42. Kd3 Ne5+ 43. Kc3 h4 44. Bf2 g4 45. hxg4 h3 46. Bg3 Nxg4 0-1

[Event "TUR-chT 2nd League"]
[Site "Konya"]
[Date "2022.08.24"]
[Round "4.4"]
[White "Demirag, Batuhan"]
[Black "Percin, Baris"]
[Result "1/2-1/2"]
[WhiteElo "1859"]
[BlackElo "1935"]
[PlyCount "109"]
[EventDate "2022.08.22"]
[EventType "team-swiss"]
[EventRounds "9"]
[EventCountry "TUR"]
[SourceTitle "CBM 210 Extra"]
[Source "ChessBase"]
[SourceDate "2022.11.30"]
[SourceVersion "1"]
[SourceVersionDate "2022.11.30"]
[SourceQuality "1"]
[WhiteTeam "Ortaca Belediye"]
[BlackTeam "Sakarya Satranc"]
[WhiteTeamCountry "TUR"]
[BlackTeamCountry "TUR"]

1. Nf3 Nf6 2. c4 e6 3. Nc3 d5 4. d4 c6 5. e3 Bd6 6. Bd3 Nbd7 7. 0-0 0-0 8. e4 dxc4 9. Bxc4 e5 10. h3 h6 11. Be3 Qc7 12. Rc1 Rd8 13. Nb5 Qb8 14. Nxd6 Qxd6 15. dxe5 Qxd1 16. Rfxd1 Nxe4 17. e6 fxe6 18. Bxe6+ Kf8 19. Bf5 Nef6 20. Bc5+ Kg8 21. Be6+ Kh8 22. Bf7 Nd5 23. Bxd5 Nxc5 24. Rxc5 Rxd5 25. Rdxd5 cxd5 26. Nd4 Bd7 27. Rxd5 Be8 28. f4 Rc8 29. Kf2 Kh7 30. Re5 Bf7 31. Re7 Bd5 32. a3 Rc4 33. Ke3 Bxg2 34. h4 Kg6 35. f5+ Kf6 36. Re6+ Kf7 37. Rd6 Rc5 38. Kf4 Rd5 39. Rxd5 Bxd5 40. Ke5 Bg2 41. b4 a6 42. Kd6 Kf6 43. Kc7 Ke5 44. Ne6 Kxf5 45. Nxg7+ Kg4 46. h5 Bc6 47. a4 Bxa4 48. Kxb7 Bb5 49. Kc7 Kg5 50. Kd6 Kf6 51. Ne6 Bc4 52. Nd4 Kg5 53. Ke5 Kxh5 54. Nf5 Kg5 55. Nxh6 1/2-1/2

[Event "Sivas op 1st"]
[Site "Sivas"]
[Date "2019.08.19"]
[Round "1"]
[White "Percin, Baris"]
[Black "Abdulov, Orkhan Javanshir"]
[Result "1/2-1/2"]
[WhiteElo "1987"]
[BlackElo "2397"]
[PlyCount "107"]
[EventDate "2019.08.19"]
[EventType "swiss"]
[EventRounds "9"]
[EventCountry "TUR"]
[SourceTitle "EXT 2020"]
[Source "ChessBase"]
[SourceDate "2019.10.17"]
[SourceVersion "1"]
[SourceVersionDate "2019.10.17"]
[SourceQuality "1"]

1. e4 c5 2. Nc3 Nc6 3. g3 g6 4. Bg2 Bg7 5. d3 d6 6. f4 e6 7. Nf3 Nge7 8. 0-0 0-0 9. Be3 Rb8 10. Qe1 b5 11. g4 b4 12. Nd1 f5 13. h3 fxe4 14. dxe4 Nd4 15. Qd2 Nec6 16. c3 bxc3 17. bxc3 Nxf3+ 18. Bxf3 Na5 19. Be2 Bb7 20. Qc2 Qh4 21. Kh2 g5 22. Bf2 Qh6 23. f5 exf5 24. exf5 Be5+ 25. Bg3 Bxg3+ 26. Kxg3 Qf6 27. Bf3 Qe5+ 28. Kg2 Nc4 29. Qd3 Bxf3+ 30. Rxf3 d5 31. Nf2 Rb2 32. Rd1 Kh8 33. Kg1 Nd2 34. Re3 Ne4 35. Rf1 Rxa2 36. Qb1 Re2 37. Rxe2 Qg3+ 38. Kh1 Qf3+ 39. Kg1 Qxe2 40. Nxe4 dxe4 41. Qb7 Qd3 42. Kg2 Qxc3 43. Qxe4 Qf6 44. Rc1 Qd6 45. Qe3 Qd5+ 46. Kf2 Rb8 47. Rc2 Qd4 48. Rxc5 Rb2+ 49. Kf3 Qd1+ 50. Kg3 Rb3 51. Rc3 Qd6+ 52. Kf3 Qd5+ 53. Kg3 Qd6+ 54. Kf3 1/2-1/2

[Event "TUR-chT 1st League"]
[Site "Konya"]
[Date "2019.07.27"]
[Round "8.10"]
[White "Basgonul, Bekir Serkan"]
[Black "Percin, Baris"]
[Result "0-1"]
[WhiteElo "1850"]
[BlackElo "1837"]
[PlyCount "85"]
[EventDate "2019.07.22"]
[EventType "team-swiss"]
[EventRounds "9"]
[EventCountry "TUR"]
[SourceTitle "CBM 191 Extra"]
[Source "ChessBase"]
[SourceDate "2019.09.30"]
[SourceVersion "1"]
[SourceVersionDate "2019.09.30"]
[SourceQuality "1"]
[WhiteTeam "Genc Akademisyenler"]
[BlackTeam "Ankara DSI Genclik"]
[WhiteTeamCountry "TUR"]
[BlackTeamCountry "TUR"]

1. Nf3 Nf6 2. c4 e6 3. g3 b6 4. Bg2 Bb7 5. 0-0 d5 6. d4 Bd6 7. Nc3 a6 8. cxd5 exd5 9. Nh4 Qd7 10. Qd3 0-0 11. Bg5 Be7 12. Nf5 Bd8 13. Rac1 Re8 14. Bh3 Qc6 15. Nd1 Qa4 16. Bxf6 Bxf6 17. Rxc7 Bc6 18. Nc3 Qb4 19. a3 Qf8 20. Rc1 Bd8 21. Rxc6 Nxc6 22. Nxd5 Na5 23. b4 Nb7 24. Qf3 Nd6 25. Nfe3 Ne4 26. Bd7 Nd2 27. Qg2 Re4 28. Rc2 Rxd4 29. Nf5 Rc4 30. Nde3 Rxc2 31. Nxc2 Ra7 32. Qd5 Ne4 33. Ba4 Nc3 34. Qb3 Nxa4 35. Qxa4 a5 36. Ncd4 Bf6 37. Nf3 Qd6 38. Ne3 b5 39. Qc2 Rc7 40. Qe4 Rc3 41. h4 h5 42. Nd5 Rxa3 43. Kg2 0-1

[Event "TUR-chT 1st League"]
[Site "Konya"]
[Date "2019.07.24"]
[Round "4.11"]
[White "Ozturk, Yavuz"]
[Black "Percin, Baris"]
[Result "0-1"]
[WhiteElo "1686"]
[BlackElo "1837"]
[PlyCount "94"]
[EventDate "2019.07.22"]
[EventType "team-swiss"]
[EventRounds "9"]
[EventCountry "TUR"]
[SourceTitle "CBM 191 Extra"]
[Source "ChessBase"]
[SourceDate "2019.09.30"]
[SourceVersion "1"]
[SourceVersionDate "2019.09.30"]
[SourceQuality "1"]
[WhiteTeam "Kahramanmaras CC"]
[BlackTeam "Ankara DSI Genclik"]
[WhiteTeamCountry "TUR"]
[BlackTeamCountry "TUR"]

1. e4 e5 2. Nf3 Nc6 3. Bb5 a6 4. Ba4 Nf6 5. 0-0 Be7 6. Re1 b5 7. Bb3 d6 8. c3 0-0 9. d4 Bg4 10. Be3 Bh5 11. Nbd2 Na5 12. Bc2 Ng4 13. Nf1 Nxe3 14. Nxe3 Bg5 15. b3 exd4 16. cxd4 Nc6 17. Nf5 g6 18. Ng3 Bxf3 19. gxf3 Qf6 20. e5 dxe5 21. dxe5 Nxe5 22. Kg2 Rad8 23. Qe2 Bf4 24. Rad1 Nc6 25. Be4 Nd4 26. Qb2 Be5 27. Qc1 Ne6 28. Kh1 Nf4 29. Qc2 Qh4 30. Rg1 Rxd1 31. Qxd1 Nh3 32. Rf1 Nxf2+ 33. Rxf2 Bxg3 34. Rg2 Bf4 35. Qe2 Rd8 36. Bd3 Kf8 37. Qe4 Re8 38. Qb4+ Kg8 39. Be4 Rd8 40. Bc2 Qf6 41. Qe4 Rd4 42. Qe8+ Kg7 43. Re2 Bd6 44. Qe3 Rh4 45. Qd3 Qf4 46. Qc3+ f6 47. Qd2 Qxf3+ 0-1

[Event "TUR-chT 1st League"]
[Site "Konya"]
[Date "2019.07.23"]
[Round "2.11"]
[White "Aydin, Kaan Ayhan"]
[Black "Percin, Baris"]
[Result "0-1"]
[WhiteElo "1929"]
[BlackElo "1837"]
[PlyCount "100"]
[EventDate "2019.07.22"]
[EventType "team-swiss"]
[EventRounds "9"]
[EventCountry "TUR"]
[SourceTitle "CBM 191 Extra"]
[Source "ChessBase"]
[SourceDate "2019.09.30"]
[SourceVersion "1"]
[SourceVersionDate "2019.09.30"]
[SourceQuality "1"]
[WhiteTeam "Karaman Saglik"]
[BlackTeam "Ankara DSI Genclik"]
[WhiteTeamCountry "TUR"]
[BlackTeamCountry "TUR"]

1. e4 e5 2. Nf3 Nc6 3. Bb5 a6 4. Ba4 Nf6 5. 0-0 Be7 6. Re1 b5 7. Bb3 d6 8. c3 0-0 9. h3 Nb8 10. d4 Nbd7 11. c4 Bb7 12. Nc3 c6 13. a3 Re8 14. cxb5 axb5 15. Be3 h6 16. d5 Bf8 17. Rc1 Nc5 18. dxc6 Bxc6 19. Bd5 Bxd5 20. Nxd5 Ra4 21. Nc3 Nfxe4 22. Nxa4 bxa4 23. Bxc5 Nxc5 24. Re3 e4 25. Rxc5 dxc5 26. Qxa4 Qe7 27. Qc4 Qb7 28. b3 Kh7 29. Nd2 f5 30. f3 Qd7 31. Nf1 exf3 32. Rxf3 Re4 33. Rd3 Qa7 34. Qd5 c4+ 35. Kh1 Rf4 36. Rf3 Rxf3 37. Qxf3 cxb3 38. Qxf5+ Kg8 39. Qd5+ Qf7 40. Qxf7+ Kxf7 41. Nd2 b2 42. a4 Bb4 43. Nb1 Ke6 44. Kg1 Kd5 45. Kf2 Kc4 46. Ke2 Kb3 47. Kd3 Ka2 48. Kc2 Ba5 49. h4 h5 50. g3 g6 0-1

[Event "TUR-chT 1st League"]
[Site "Konya"]
[Date "2019.07.22"]
[Round "1.10"]
[White "Percin, Baris"]
[Black "Unver, Cumali"]
[Result "0-1"]
[WhiteElo "1837"]
[BlackElo "2050"]
[PlyCount "79"]
[EventDate "2019.07.22"]
[EventType "team-swiss"]
[EventRounds "9"]
[EventCountry "TUR"]
[SourceTitle "CBM 191 Extra"]
[Source "ChessBase"]
[SourceDate "2019.09.30"]
[SourceVersion "1"]
[SourceVersionDate "2019.09.30"]
[SourceQuality "1"]
[WhiteTeam "Ankara DSI Genclik"]
[BlackTeam "Varyant Genclik"]
[WhiteTeamCountry "TUR"]
[BlackTeamCountry "TUR"]

1. e4 e6 2. d3 d5 3. Nd2 Nf6 4. g3 dxe4 5. dxe4 Nc6 6. c3 Bc5 7. h3 0-0 8. Ngf3 a5 9. Qc2 e5 10. Nc4 Qe7 11. Bg2 b6 12. Be3 Ba6 13. Nfd2 Rad8 14. Rd1 Rfe8 15. a3 Qe6 16. b3 Bxe3 17. Nxe3 Bd3 18. Qb2 Ne7 19. c4 c6 20. Nf3 Nxe4 21. Nxe5 Nc5 22. b4 Na4 23. Qa1 Nf5 24. Bxc6 Nxe3 25. fxe3 Qxe5 26. Qxe5 Rxe5 27. Bxa4 Rxe3+ 28. Kd2 Rxg3 29. Kc1 Rc8 30. Kb2 Bxc4 31. Rd7 b5 32. Bc2 axb4 33. axb4 g6 34. Rh2 Re8 35. h4 h5 36. Rhd2 Rg4 37. R2d4 Re2 38. Rd2 Rxh4 39. Rxe2 Bxe2 40. Kc3 0-1

[Event "TUR-chT 2nd League"]
[Site "Konya"]
[Date "2018.07.20"]
[Round "7.9"]
[White "Percin, Baris"]
[Black "Kavri, Yusuf Eren"]
[Result "0-1"]
[WhiteElo "1900"]
[BlackElo "1624"]
[PlyCount "98"]
[EventDate "2018.07.16"]
[EventType "team-swiss"]
[EventRounds "9"]
[EventCountry "TUR"]
[SourceTitle "EXT 2019"]
[Source "ChessBase"]
[SourceDate "2018.10.10"]
[SourceVersion "1"]
[SourceVersionDate "2018.10.10"]
[SourceQuality "1"]
[WhiteTeam "Maras Spor Kulubu"]
[BlackTeam "Samsun Gercek"]
[WhiteTeamCountry "TUR"]
[BlackTeamCountry "TUR"]

1. e4 e5 2. Nf3 Nc6 3. Bb5 a6 4. Ba4 Nf6 5. 0-0 Be7 6. Re1 b5 7. Bb3 0-0 8. c3 d5 9. exd5 Nxd5 10. Nxe5 Nxe5 11. Rxe5 c6 12. d4 Bd6 13. Re1 Qh4 14. g3 Qh3 15. Be3 Bg4 16. Qd3 f5 17. f4 g5 18. Qf1 Qh5 19. Nd2 Kh8 20. Bxd5 cxd5 21. Qf2 h6 22. a4 Rae8 23. axb5 axb5 24. b3 Rg8 25. Ra6 Bb8 26. Kh1 gxf4 27. gxf4 Bh3 28. Nf1 Rg2 29. Ng3 Qg4 30. Rxh6+ Kg8 31. Nh5 Rxf2 32. Nf6+ Kg7 33. Nxg4 Bxg4 34. Bxf2 Rxe1+ 35. Bxe1 Kxh6 36. Bd2 Bd1 37. b4 Kh5 38. h3 Bd6 39. Kg2 Be7 40. Kg3 Bh4+ 41. Kg2 Kg6 42. Kh2 Bf3 43. Kg1 Bg3 44. Kf1 Kh5 45. Kg1 Kh4 46. Kf1 Kxh3 47. Be3 Kg4 48. Bc1 Bxf4 49. Bb2 Be3 0-1

[Event "TUR-chT 2nd League"]
[Site "Konya"]
[Date "2018.07.19"]
[Round "5.16"]
[White "Aladag, Yigit Dogan"]
[Black "Percin, Baris"]
[Result "0-1"]
[WhiteElo "1637"]
[BlackElo "1900"]
[PlyCount "68"]
[EventDate "2018.07.16"]
[EventType "team-swiss"]
[EventRounds "9"]
[EventCountry "TUR"]
[SourceTitle "EXT 2019"]
[Source "ChessBase"]
[SourceDate "2018.10.10"]
[SourceVersion "1"]
[SourceVersionDate "2018.10.10"]
[SourceQuality "1"]
[WhiteTeam "Mersin Zeka"]
[BlackTeam "Maras Spor Kulubu"]
[WhiteTeamCountry "TUR"]
[BlackTeamCountry "TUR"]

1. d4 Nf6 2. Nf3 e6 3. g3 b6 4. Bg2 Bb7 5. 0-0 d5 6. b3 Bd6 7. c4 Nbd7 8. Bb2 0-0 9. Qc2 c5 10. Nbd2 Rc8 11. Rfd1 Qe7 12. h4 Rfd8 13. e3 e5 14. dxe5 Nxe5 15. Bxe5 Bxe5 16. Nxe5 Qxe5 17. cxd5 Nxd5 18. Nc4 Qf6 19. e4 Nb4 20. Qe2 Ba6 21. Bh3 Rxd1+ 22. Rxd1 Re8 23. Rd7 Nc6 24. f4 Qa1+ 25. Kh2 Nd4 26. Qg2 Qd1 27. Ne5 h5 28. Qg1 Qxg1+ 29. Kxg1 Bc8 30. Rxf7 Bxh3 31. Rxa7 b5 32. Kf2 Rc8 33. Ng6 Nc6 34. f5 Nxa7 0-1

[Event "TUR-chT 2nd League"]
[Site "Konya"]
[Date "2018.07.17"]
[Round "3.16"]
[White "Percin, Baris"]
[Black "Eke, Salih"]
[Result "0-1"]
[WhiteElo "1900"]
[BlackElo "1816"]
[PlyCount "70"]
[EventDate "2018.07.16"]
[EventType "team-swiss"]
[EventRounds "9"]
[EventCountry "TUR"]
[SourceTitle "EXT 2019"]
[Source "ChessBase"]
[SourceDate "2018.10.10"]
[SourceVersion "1"]
[SourceVersionDate "2018.10.10"]
[SourceQuality "1"]
[WhiteTeam "Maras Spor Kulubu"]
[BlackTeam "Genc Efe Izcilik"]
[WhiteTeamCountry "TUR"]
[BlackTeamCountry "TUR"]

1. e4 c5 2. Nc3 Nc6 3. g3 g6 4. Bg2 Bg7 5. d3 d6 6. f4 e6 7. Nf3 Nge7 8. 0-0 0-0 9. Be3 Rb8 10. Qe1 b5 11. h3 b4 12. Nd1 a5 13. c3 bxc3 14. bxc3 Ba6 15. Qd2 Qd7 16. Re1 f5 17. Nf2 Kh8 18. Kh2 a4 19. Qc2 a3 20. Rab1 Na7 21. e5 Nd5 22. Rxb8 Rxb8 23. Bc1 c4 24. dxc4 Bxc4 25. Bxa3 dxe5 26. Nxe5 Bxe5 27. Rxe5 Nc6 28. Re1 Ra8 29. Bc5 Rxa2 30. Qd1 Kg8 31. Qf3 Na5 32. Nd3 Bxd3 33. Qxd3 Rxg2+ 34. Kh1 Qc6 35. Qb1 Nb4 0-1

[Event "TUR-chT 2nd League"]
[Site "Konya"]
[Date "2018.07.17"]
[Round "2.11"]
[White "Yucesoy, Atil"]
[Black "Percin, Baris"]
[Result "0-1"]
[WhiteElo "1650"]
[BlackElo "1900"]
[PlyCount "52"]
[EventDate "2018.07.16"]
[EventType "team-swiss"]
[EventRounds "9"]
[EventCountry "TUR"]
[SourceTitle "EXT 2019"]
[Source "ChessBase"]
[SourceDate "2018.10.10"]
[SourceVersion "1"]
[SourceVersionDate "2018.10.10"]
[SourceQuality "1"]
[WhiteTeam "Mezopotamya"]
[BlackTeam "Maras Spor Kulubu"]
[WhiteTeamCountry "TUR"]
[BlackTeamCountry "TUR"]

1. d4 Nf6 2. c4 e6 3. Nf3 b6 4. e3 Bb7 5. Bd3 d5 6. 0-0 Nbd7 7. Nc3 Ne4 8. Bxe4 dxe4 9. Nd2 f5 10. c5 Ba6 11. Re1 bxc5 12. Qa4 Bd3 13. Qc6 Kf7 14. d5 exd5 15. Qxd5+ Kg6 16. g4 fxg4 17. Ndxe4 Bxe4 18. Qxe4+ Kf7 19. Qd5+ Ke8 20. Rd1 Rb8 21. e4 Be7 22. e5 Rb6 23. Na4 Ra6 24. Qc4 Qc8 25. Qxg4 Rg6 26. Qxg6+ hxg6 0-1

[Event "TUR Cup										"]
[Site "Antalya"]
[Date "2018.02.01"]
[Round "9"]
[White "Danaci, Ege"]
[Black "Percin, Baris"]
[Result "1-0"]
[WhiteElo "1760"]
[BlackElo "1879"]
[PlyCount "117"]
[EventDate "2018.01.27"]
[EventType "swiss"]
[EventRounds "11"]
[EventCountry "TUR"]
[SourceTitle "CBM 182 Extra"]
[Source "ChessBase"]
[SourceDate "2018.02.23"]
[SourceVersion "1"]
[SourceVersionDate "2018.02.23"]
[SourceQuality "1"]

1. e4 e5 2. Nf3 Nc6 3. Bc4 Nf6 4. d3 Be7 5. 0-0 0-0 6. a4 d6 7. Re1 Bg4 8. c3 Na5 9. Ba2 c5 10. Nbd2 Be6 11. Nf1 h6 12. d4 Bxa2 13. Rxa2 cxd4 14. cxd4 exd4 15. Nxd4 d5 16. e5 Ne4 17. Nf5 Bg5 18. Bxg5 Nxg5 19. Qxd5 Qxd5 20. Ne7+ Kh7 21. Nxd5 Rad8 22. Nfe3 Nc4 23. b3 Nxe3 24. Nxe3 Rd3 25. Rb2 Rc8 26. Nc4 Ne4 27. Kf1 Nc5 28. Nd6 Rc7 29. Rc1 b6 30. b4 Ne6 31. Rxc7 Nxc7 32. Nxf7 Ne6 33. Nd6 Nf4 34. Rb1 Rd5 35. g3 Nd3 36. f4 Kg8 37. Nc8 Rd7 38. Nd6 a5 39. bxa5 bxa5 40. Rb8+ Kh7 41. Ra8 Nc5 42. Rxa5 Ne6 43. Ra8 g5 44. f5 Ng7 45. g4 h5 46. h3 hxg4 47. hxg4 Rc7 48. a5 Rc1+ 49. Ke2 Rc2+ 50. Ke3 Rc5 51. Kd4 Rc7 52. Kd5 Rc1 53. Nf7 Rd1+ 54. Kc6 Rc1+ 55. Kb5 Rb1+ 56. Ka6 Ne8 57. Rxe8 Rb4 58. Nxg5+ Kg7 59. f6+ 1-0

[Event "TUR Cup										"]
[Site "Antalya"]
[Date "2018.02.01"]
[Round "8"]
[White "Percin, Baris"]
[Black "Ucucu, Salih"]
[Result "1/2-1/2"]
[WhiteElo "1879"]
[BlackElo "1739"]
[PlyCount "128"]
[EventDate "2018.01.27"]
[EventType "swiss"]
[EventRounds "11"]
[EventCountry "TUR"]
[SourceTitle "CBM 182 Extra"]
[Source "ChessBase"]
[SourceDate "2018.02.23"]
[SourceVersion "1"]
[SourceVersionDate "2018.02.23"]
[SourceQuality "1"]

1. e4 d5 2. exd5 Qxd5 3. Nc3 Qd6 4. d4 Nf6 5. Be2 Nc6 6. Nb5 Qd8 7. d5 Nb4 8. c4 c6 9. dxc6 bxc6 10. Qa4 e5 11. Na3 Bc5 12. Be3 Bxe3 13. fxe3 Qb6 14. Nf3 a5 15. Qb3 Ng4 16. 0-0 Nxe3 17. c5 Qxc5 18. Rac1 Qa7 19. Kh1 Nxf1 20. Rxf1 Be6 21. Bc4 Bxc4 22. Nxc4 0-0 23. Nfxe5 Qc7 24. Qh3 Qc8 25. Nd7 Ra7 26. Ncb6 Qa6 27. Qf5 Qd3 28. Qxd3 Nxd3 29. Nxf8 Kxf8 30. Nc4 Ke7 31. Rf3 Rd7 32. Nxa5 Ne5 33. Rf1 Rd2 34. Re1 Kf6 35. h3 Rxb2 36. Rc1 Rxa2 37. Nxc6 Nxc6 38. Rxc6+ Kg5 39. Rc7 Ra1+ 40. Kh2 Rf1 41. Kg3 g6 42. Rb7 h5 43. Rc7 h4+ 44. Kh2 f5 45. Rc5 Re1 46. Rb5 Kf4 47. Rb4+ Re4 48. Rb3 g5 49. Rf3+ Ke5 50. Kg1 g4 51. hxg4 fxg4 52. Ra3 Kf4 53. Ra8 Rb4 54. Ra3 Rb1+ 55. Kf2 g3+ 56. Ke2 Rg1 57. Ra4+ Kg5 58. Ra5+ Kf6 59. Kf3 Rh1 60. Kg4 Rh2 61. Rh5 Rxg2 62. Rxh4 Rg1 63. Kf3 g2 64. Rg4 Ke5 1/2-1/2

[Event "TUR Cup										"]
[Site "Antalya"]
[Date "2018.01.28"]
[Round "3"]
[White "Metin, Mehmet"]
[Black "Percin, Baris"]
[Result "1-0"]
[WhiteElo "2170"]
[BlackElo "1879"]
[PlyCount "55"]
[EventDate "2018.01.27"]
[EventType "swiss"]
[EventRounds "11"]
[EventCountry "TUR"]
[SourceTitle "CBM 182 Extra"]
[Source "ChessBase"]
[SourceDate "2018.02.23"]
[SourceVersion "1"]
[SourceVersionDate "2018.02.23"]
[SourceQuality "1"]

1. Nf3 Nf6 2. c4 e6 3. Nc3 b6 4. e4 d6 5. d4 Bb7 6. Bd3 Nbd7 7. 0-0 Be7 8. h3 0-0 9. Bf4 Re8 10. e5 dxe5 11. dxe5 Nh5 12. Be3 g6 13. Be4 Bxe4 14. Nxe4 Ng7 15. Qa4 Qc8 16. Rad1 Qb7 17. Rxd7 Qxe4 18. Bg5 Bxg5 19. Nxg5 Qxe5 20. Nxf7 Qf4 21. g3 Qf3 22. Rxc7 Nf5 23. Ng5 Qh5 24. Nxh7 Qxh3 25. Nf6+ Kh8 26. Qc6 Nxg3 27. fxg3 Qxg3+ 28. Qg2 1-0

[Event "EU-Cup 32nd"]
[Site "Novi Sad"]
[Date "2016.11.07"]
[Round "2.2"]
[White "Li, Henry"]
[Black "Percin, Baris"]
[Result "1-0"]
[WhiteElo "2113"]
[BlackElo "1877"]
[PlyCount "111"]
[EventDate "2016.11.06"]
[EventType "team-swiss"]
[EventRounds "7"]
[EventCountry "SRB"]
[SourceTitle "CBM 176"]
[Source "ChessBase"]
[SourceDate "2017.01.17"]
[SourceVersion "1"]
[SourceVersionDate "2017.01.17"]
[SourceQuality "1"]
[WhiteTeam "Gonzaga"]
[BlackTeam "Hatay Metropolitan"]
[WhiteTeamCountry "IRL"]
[BlackTeamCountry "TUR"]

1. e4 e5 2. Nf3 Nc6 3. Bb5 a6 4. Ba4 Nf6 5. 0-0 Be7 6. Re1 b5 7. Bb3 d6 8. c3 0-0 9. h3 Nb8 10. d4 Nbd7 11. Nbd2 Bb7 12. Bc2 Re8 13. Nf1 Bf8 14. Ng3 g6 15. a4 c5 16. d5 c4 17. Bg5 h6 18. Be3 Bg7 19. Qd2 Kh7 20. Ra3 Qc7 21. Rea1 Nc5 22. Qe2 Nfd7 23. Nd2 Nb6 24. h4 Ncxa4 25. Bxa4 Nxa4 26. Nxc4 Rac8 27. Rxa4 bxa4 28. Rxa4 Rb8 29. Ba7 Ra8 30. Bb6 Qd7 31. b3 Bf6 32. Ba5 Bd8 33. Bb4 Bc7 34. Qe3 Qd8 35. Ba3 a5 36. f4 Ba6 37. fxe5 Bxc4 38. bxc4 Qd7 39. Bc1 Bb6 40. Qxb6 Qxa4 41. Qe3 Qd1+ 42. Kh2 Rh8 43. Qf4 Kg8 44. exd6 a4 45. e5 Qc2 46. e6 fxe6 47. dxe6 Rf8 48. Qe3 Rf2 49. d7 Rxg2+ 50. Kh3 Rh2+ 51. Kg4 Qd1+ 52. Qf3 h5+ 53. Kf4 Qxc1+ 54. Ke5 Kh7 55. e7 Qe1+ 56. Ne4 1-0

[Event "Kesan op 14th"]
[Site "Kesan"]
[Date "2016.08.18"]
[Round "8"]
[White "Asgarov, Mushfig Nizami"]
[Black "Percin, Baris"]
[Result "1-0"]
[WhiteElo "2240"]
[BlackElo "1914"]
[PlyCount "141"]
[EventDate "2016.08.14"]
[EventType "swiss"]
[EventRounds "9"]
[EventCountry "TUR"]
[SourceTitle "CBM 173 Extra"]
[Source "ChessBase"]
[SourceDate "2016.08.29"]
[SourceVersion "1"]
[SourceVersionDate "2016.08.29"]
[SourceQuality "1"]

1. e4 e5 2. Nf3 Nc6 3. Bb5 a6 4. Ba4 Nf6 5. 0-0 Be7 6. Re1 b5 7. Bb3 d6 8. c3 0-0 9. h3 Nb8 10. d4 Nbd7 11. Nbd2 Bb7 12. Bc2 Re8 13. Nf1 Bf8 14. Ng3 g6 15. h4 c5 16. h5 Nxh5 17. Nxh5 gxh5 18. d5 h6 19. g3 Nf6 20. a4 Rb8 21. axb5 axb5 22. b4 c4 23. Nh4 Bc8 24. Kg2 Kh7 25. Qf3 Bg4 26. Qe3 Qd7 27. f3 Bh3+ 28. Kh2 Rb7 29. Bd2 Ng8 30. Ra6 Be7 31. Rea1 Bg5 32. Qf2 Ne7 33. Ra7 Reb8 34. Rxb7 Rxb7 35. f4 Bxh4 36. gxh4 Ng8 37. Qg3 Bg4 38. fxe5 dxe5 39. Qxe5 Ra7 40. Ra5 Rxa5 41. bxa5 Qd8 42. Kg3 Qxa5 43. Qf4 Qa7 44. Be3 Qe7 45. Bd4 f5 46. d6 Qe6 47. Qe5 Qxe5+ 48. Bxe5 Kg6 49. exf5+ Kf7 50. d7 Ke7 51. f6+ Nxf6 52. Bxf6+ Kxd7 53. Bg7 Ke6 54. Kf4 Be2 55. Bxh6 Kd5 56. Be4+ Ke6 57. Bf8 Bd1 58. Kg5 Kf7 59. Bc5 Ke6 60. Bg6 Kd5 61. Bb4 Ke5 62. Bxh5 Bxh5 63. Kxh5 Kf5 64. Kh6 Kf6 65. h5 Kf7 66. Kg5 Kg7 67. h6+ Kh7 68. Kh5 Kh8 69. Kg6 Kg8 70. h7+ Kh8 71. Bf8 1-0

[Event "TUR Cup 1516"]
[Site "Manavgat"]
[Date "2016.02.06"]
[Round "11"]
[White "Percin, Baris"]
[Black "Acer, Okan"]
[Result "1-0"]
[WhiteElo "1799"]
[BlackElo "1657"]
[PlyCount "45"]
[EventDate "2016.01.30"]
[EventType "swiss"]
[EventRounds "11"]
[EventCountry "TUR"]
[SourceTitle "EXT 2018"]
[Source "ChessBase"]
[SourceDate "2017.10.13"]
[SourceVersion "1"]
[SourceVersionDate "2017.10.13"]
[SourceQuality "1"]

1. e4 c5 2. Nc3 e6 3. d3 d5 4. g3 Nf6 5. Bg2 dxe4 6. Nxe4 Nxe4 7. Bxe4 Nc6 8. Ne2 Be7 9. 0-0 e5 10. Bg2 0-0 11. Nc3 f5 12. Bd5+ Kh8 13. f4 Bf6 14. Qf3 Nd4 15. Qg2 exf4 16. Bxf4 Nxc2 17. Qxc2 Bxc3 18. Qxc3 Qxd5 19. Rae1 b6 20. Re7 Qg8 21. Rxg7 Qxg7 22. Be5 Qxe5 23. Qxe5+ 1-0

[Event "Manavgat Turkey Cup"]
[Site "Manavgat"]
[Date "2016.02.05"]
[Round "10"]
[White "Demircin, Kasim"]
[Black "Percin, Baris"]
[Result "1-0"]
[WhiteElo "1950"]
[BlackElo "1799"]
[PlyCount "95"]
[EventDate "2016.01.30"]
[EventType "swiss"]
[EventRounds "11"]
[EventCountry "TUR"]
[SourceTitle "CBM 170 Extra"]
[Source "ChessBase"]
[SourceDate "2016.02.25"]
[SourceVersion "1"]
[SourceVersionDate "2016.02.25"]
[SourceQuality "1"]

1. Nf3 Nf6 2. g3 g6 3. Bg2 Bg7 4. 0-0 0-0 5. c4 d6 6. Nc3 e5 7. d3 Nc6 8. a3 a5 9. Rb1 h6 10. b4 Nd7 11. Nd5 Ne7 12. Nh4 Nxd5 13. cxd5 Nb6 14. Qb3 Bd7 15. Be3 a4 16. Qc2 Ra6 17. Rfc1 Na8 18. Qd2 c6 19. Bxh6 Nc7 20. Bg5 Qe8 21. Qa2 Kh7 22. Be3 f5 23. Nf3 f4 24. gxf4 exf4 25. Bd4 Bxd4 26. Nxd4 Qf7 27. b5 Nxb5 28. Nxb5 cxb5 29. Rc7 Qf5 30. Rxb5 b6 31. Qc4 Rf7 32. Rb4 b5 33. Qd4 Ra8 34. Qb6 Qe5 35. Bf3 Qa1+ 36. Kg2 Kg7 37. Bg4 Qxa3 38. Qd4+ Kh7 39. Rxd7 Rxd7 40. Bxd7 Qc1 41. Qf6 a3 42. Re4 f3+ 43. exf3 Ra4 44. Re7+ Kh6 45. h4 Ra8 46. Qg7+ Kh5 47. Qh7+ Qh6 48. Bg4+ 1-0

[Event "Manavgat Turkey Cup"]
[Site "Manavgat"]
[Date "2016.02.02"]
[Round "5"]
[White "Percin, Baris"]
[Black "Alper, Metin"]
[Result "1/2-1/2"]
[WhiteElo "1799"]
[BlackElo "1959"]
[PlyCount "44"]
[EventDate "2016.01.30"]
[EventType "swiss"]
[EventRounds "11"]
[EventCountry "TUR"]
[SourceTitle "CBM 170 Extra"]
[Source "ChessBase"]
[SourceDate "2016.02.25"]
[SourceVersion "1"]
[SourceVersionDate "2016.02.25"]
[SourceQuality "1"]

1. e4 d5 2. exd5 Nf6 3. d4 Nxd5 4. Nf3 g6 5. Be2 Bg7 6. c3 0-0 7. 0-0 h6 8. Na3 Nc6 9. Nc4 Nb6 10. Bf4 Bg4 11. Nfe5 Nxe5 12. Nxe5 Bxe2 13. Qxe2 Nd7 14. Qb5 Nxe5 15. dxe5 Qc8 16. Rad1 c6 17. Qb4 Re8 18. Rd2 b6 19. Rfd1 Qe6 20. Qa4 a5 21. Qd4 c5 22. Qd5 Qf5 1/2-1/2